00222pam a2200085 a 4500020000500000041000500005100002500010245007200035260002900107 c h aJustuce Kuaip Singhi aHandbook of Environment Forest for Wildlife protection law in India bNatraj Publicationc1999